|
|
|
|
| LEADER |
00000nam a2200000 a 4500 |
| 001 |
vtls001097440 |
| 003 |
SK-MaSNL |
| 005 |
20260301041345.0 |
| 008 |
250414s1982 xo 0 slo |
| 015 |
|
|
|a SNBA1982/03
|
| 020 |
|
|
|q (brož.)
|
| 035 |
|
|
|a SNK000040282
|
| 040 |
|
|
|a SNK
|b slo
|c SNK
|e AACR2
|
| 041 |
0 |
|
|a slo
|
| 044 |
|
|
|a xo
|c SK
|
| 080 |
|
|
|a 885.4-3(087.5)
|2 1981
|
| 100 |
1 |
|
|a Kováčová, Pavla,
|d 1931-2014
|4 aut
|9 168061
|
| 245 |
1 |
0 |
|a Hrabko a Smrečko
|c Pavla Kováčová ; Blanka Votavová
|
| 250 |
|
|
|a 2. vyd.
|
| 260 |
|
|
|a Martin
|b Osveta
|c 1982
|e Martin
|f Tlačiarne SNP
|
| 300 |
|
|
|a 28 s., 2,04 AH
|c 26 cm
|
| 366 |
|
|
|e 10000 výtl.
|
| 500 |
|
|
|a Ilustr. na tit. liste.
|
| 700 |
1 |
|
|a Votavová, Blanka,
|d 1933-2018
|4 bkd
|9 193727
|
| 852 |
|
|
|a Slovenská národná knižnica
|
| 954 |
|
|
|a rozprávky autorské
|a literatúra pre deti a mládež
|
| 958 |
|
|
|a BQ
|
| 958 |
|
|
|a DB
|
| 958 |
|
|
|a LX
|
| 958 |
|
|
|a TL
|
| 958 |
|
|
|a OND
|
| 999 |
|
|
|c 588234
|d 590164
|
| 952 |
|
|
|a SNK
|b SNK
|y PREZ
|7 0
|p 17A0981681
|o snkSB 33494
|0 0
|1 0
|4 0
|d 2012-07-19
|f 1
|l 0
|r 2025-04-08 00:00:00
|w 2026-02-23
|
| 952 |
|
|
|t P60, <04>, [BOOK], {604}
|a SNK
|b SNK
|y VYP
|7 0
|p 17A0358082
|o snkSB 33494 D1
|0 0
|1 0
|4 0
|d 2002-09-30
|l 0
|r 2004-12-31 00:00:00
|w 2026-02-23
|